00617nam a2200157 a 450000500170000000800410001702000180005805000260007610000190010224500820012126000420020330000190024565000590026499900190032395201170034220140412111259.0010131s19uu xx 00 eng d a971-121-028-2 aFil 591.59bA454 1983 aAlonzo, Robert aSino ako? hulaan ang tunog /cRobert Alonzo: illustrated by Albert E. Gamosm. aQuezon City MM :bAkla adarna,c1980. a1 v. (unpaged) aAnimal communicationxRidlesxI. Gamos, Albert E.,ill. c103302d103302 001040aELbELcFILd2001-01-31eLib. Fundl0oFil 591.59 A454 1983pE4407r2014-04-12 00:00:00w2014-04-12yBK